Colonialism and neocolonialism / (Record no. 6932)

MARC details
000 -LEADER
fixed length control field 01299nac a22002891u 4500
010 ## - LIBRARY OF CONGRESS CONTROL NUMBER
LC control number 2005026230
020 ## - INTERNATIONAL STANDARD BOOK NUMBER
International Standard Book Number 041537846X (pbk.)
082 00 - DEWEY DECIMAL CLASSIFICATION NUMBER
Classification number 325.3
Item number SAR
090 ## - LOCALLY ASSIGNED LC-TYPE CALL NUMBER (OCLC); LOCAL CALL NUMBER (OCLC)
-- 6932
-- 6932
100 ## - MAIN ENTRY--PERSONAL NAME
Personal name Sartre, Jean-Paul,
245 10 - TITLE STATEMENT
Title Colonialism and neocolonialism /
Statement of responsibility, etc Jean-Paul Sartre ; translated by Azzedine Haddour, Steve Brewer, and Terry McWilliams ; with an introduction by Robert Young.
260 ## - PUBLICATION, DISTRIBUTION, ETC. (IMPRINT)
Place of publication, distribution, etc London ;
-- New York :
Name of publisher, distributor, etc Routledge,c.2006.
Date of publication, distribution, etc c.2006.
300 ## - PHYSICAL DESCRIPTION
Extent p. cm.
440 #0 -
-- Routledge classics
500 ## - GENERAL NOTE
General note Distributer: Al-Ahram.
504 ## - BIBLIOGRAPHY, ETC. NOTE
Bibliography, etc Includes bibliographical references.
511 ## - PARTICIPANT OR PERFORMER NOTE
Participant or performer note Catalogued By: Mahitab.
650 #0 - SUBJECT ADDED ENTRY--TOPICAL TERM
Topical term or geographic name as entry element Decolonization
Geographic subdivision Africa.
650 #0 - SUBJECT ADDED ENTRY--TOPICAL TERM
Topical term or geographic name as entry element Decolonization
Geographic subdivision Algeria.
651 #0 - SUBJECT ADDED ENTRY--GEOGRAPHIC NAME
Geographic name France
General subdivision Colonies
Geographic subdivision Africa
General subdivision Administration
-- History
Chronological subdivision 20th century.
651 #0 - SUBJECT ADDED ENTRY--GEOGRAPHIC NAME
Geographic name Africa
General subdivision Colonization
-- History
Chronological subdivision 20th century.
651 #0 - SUBJECT ADDED ENTRY--GEOGRAPHIC NAME
Geographic name Algeria
General subdivision Colonization
-- History
Chronological subdivision 20th century.
856 41 - ELECTRONIC LOCATION AND ACCESS
Materials specified Table of contents only
Uniform Resource Identifier <a href="http://www.loc.gov/catdir/toc/ecip0519/2005026230.html">http://www.loc.gov/catdir/toc/ecip0519/2005026230.html</a>
856 41 - ELECTRONIC LOCATION AND ACCESS
Materials specified Publisher description
Uniform Resource Identifier <a href="http://www.loc.gov/catdir/enhancements/fy0654/2005026230-d.html">http://www.loc.gov/catdir/enhancements/fy0654/2005026230-d.html</a>
942 ## - ADDED ENTRY ELEMENTS (KOHA)
Item type Book - Borrowing
Call number prefix 325.3SAR
Holdings
Withdrawn status Item status Damaged status Not for loan Home library Current library Shelving location Date acquired Source of acquisition Total Checkouts Total Renewals Full call number Barcode Date last seen Date last borrowed Koha item type
        Central Library Central Library First floor 07/12/2010 Purchase 13 38 325.3SAR 000008531 15/07/2025 07/11/2019 Book - Borrowing